Missing Word: Last Book in a Series Quiz Stats

 Plays Quiz Updated Dec 14, 2015

Challenge
Share
Tweet
Embed
Score 0/16 Timer 04:00
0 Plays Today
Book Title Missing Word % Correct
Harry Potter and the _____ HallowsDeathly
95.5%
_____ the Looking-GlassThrough
90%
The _____ of the KingReturn
82.7%
_____ DawnBreaking
77.1%
The Girl Who _____ the Hornet's NestKicked
65.2%
Glinda of _____Oz
55%
The _____ BattleLast
50.3%
The _____ SpyglassAmber
31.4%
Book Title Missing Word % Correct
The First ____ YearsFour
22.7%
The Last _____Olympian
16.5%
City of Heavenly _____Fire
8.6%
_____ of InglesideRilla
6.2%
The _____ WindOther
6.1%
An _____ TimeAcceptable
5%
Sisterhood _____Everlasting
5%
A _____ of LightMemory
4.5%

Today's Daily Dose

You're not logged in!

Compare scores with friends on all Sporcle quizzes.
Join for Free
OR
Log In

You Might Also Like...

Show Comments

Extras

Top Quizzes Today


Score Distribution

Your Account Isn't Verified!

In order to create a playlist on Sporcle, you need to verify the email address you used during registration. Go to your Sporcle Settings to finish the process.

Report this User

Report this user for behavior that violates our Community Guidelines.

Details: